| 000 | 00607nam a2200205 i 4500 | ||
|---|---|---|---|
| 001 | 75424 | ||
| 003 | ES-MaACL | ||
| 005 | 20230906172439.0 | ||
| 007 | t| | ||
| 008 | 040924s1942 sp ||||1| spa d | ||
| 100 | 1 |
_aGoyena, Juan Raúl. _959410 |
|
| 245 | 1 | 0 |
_aCardiacos negros / _cJuan Raúl Goyena. |
| 250 | _a[1ª ed.]. | ||
| 260 |
_aBarcelona, etc. : _bSalvat, _c1942 ( _fImp. Hispano-Americana) |
||
| 300 |
_a85 p. : _bil. ; _c23 cm. |
||
| 490 | 1 | _aManuales de medicina práctica | |
| 830 | 0 |
_aManuales de medicina práctica _9181070 |
|
| 852 |
_aES-MaACL _jD-7640 _bR.28974 |
||
| 999 |
_c75424 _d75424 |
||